000 00512nmm a2200181Ia 4500
008 251105s9999||||xx |||||||||||||||||und||
020 _a9788416542123
041 _aspa
100 _aHandl, Irene
245 0 _aLos Sioux
264 _a[Madrid, España] :
_bImpedimenta,
_c[Fecha de publicación no identificada]
300 _a432 páginas
650 _aEnglish Narrative
700 _aHandl, Irene
700 1 _a Peyrou, Mariano
856 _uhttps://public.digitaliapublishing.com/a/97065
942 _cCF
999 _c66697
_d66697